[Event "Montreal Pere Noel U1500"]
[Site "Montreal"]
[Date "2016.12.29"]
[Round "4.36"]
[White "Perecowicz, Boaz"]
[Black "Morin Pare, Victor"]
[Result "1-0"]
[WhiteElo "1420"]
[BlackElo "1492"]
[PlyCount "61"]
[EventDate "2016.12.26"]
[EventType "swiss"]
[EventRounds "5"]
[EventCountry "CAN"]
[SourceTitle "EXT 2022"]
[Source "ChessBase"]
[SourceDate "2021.10.06"]
[SourceVersion "1"]
[SourceVersionDate "2021.10.06"]
[SourceQuality "1"]

1. d4 Nf6 2. c4 c5 3. d5 e6 4. Nc3 exd5 5. cxd5 d6 6. e4 g6 7. Bd3 Bg7 8. Nge2 0-0 9. 0-0 a6 10. Rb1 b5 11. Ng3 Nbd7 12. Bf4 c4 13. Bc2 Nc5 14. a3 Re8 15. f3 Rb8 16. Qd2 Qc7 17. Rfe1 Nfd7 18. Nd1 Ne5 19. Nf2 a5 20. Be3 b4 21. f4 Ned7 22. Bd4 Ba6 23. Bxg7 Kxg7 24. f5 Ne5 25. Qf4 Qe7 26. Ng4 Nxg4 27. Qxg4 Qe5 28. Rf1 Nd7 29. fxg6 Nf6 30. Nf5+ Kh8 31. g7+ 1-0

[Event "Montreal Pere Noel U1500"]
[Site "Montreal"]
[Date "2016.12.28"]
[Round "3.3"]
[White "Grandmaison, Real"]
[Black "Perecowicz, Boaz"]
[Result "0-1"]
[WhiteElo "1238"]
[BlackElo "1420"]
[PlyCount "86"]
[EventDate "2016.12.26"]
[EventType "swiss"]
[EventRounds "5"]
[EventCountry "CAN"]
[SourceTitle "EXT 2022"]
[Source "ChessBase"]
[SourceDate "2021.10.06"]
[SourceVersion "1"]
[SourceVersionDate "2021.10.06"]
[SourceQuality "1"]

1. c4 e5 2. Nc3 c6 3. e4 Nf6 4. f3 Bc5 5. Nge2 a6 6. d4 exd4 7. Nxd4 0-0 8. a3 d6 9. b4 Ba7 10. Be3 Re8 11. Qb3 d5 12. cxd5 cxd5 13. 0-0-0 Qc7 14. Kb2 dxe4 15. g3 exf3 16. Bf4 Qe7 17. h3 Bxd4 18. Rxd4 Nc6 19. Rd3 Be6 20. Qd1 Nh5 21. Bd6 Qg5 22. Qxf3 Bf5 23. Rd5 Re1 24. Qxf5 Qc1+ 25. Kb3 Re3 26. Qc2 Qxc2+ 27. Kxc2 Nxg3 28. Bxg3 Rxg3 29. Rd7 Rc8 30. Rh2 Ne5 31. Rxb7 Rcxc3+ 32. Kb2 g6 33. Bxa6 Rxa3 34. Re2 Rgb3+ 35. Kc2 Nc6 36. Re8+ Kg7 37. Bc4 Nxb4+ 38. Kd1 Rb2 39. Kc1 Rc2+ 40. Kb1 Rxc4 41. Kb2 Rxh3 42. Ree7 Rc2+ 43. Kb1 Rh1+ 0-1